Paris ou Londres - Statistiques

Statistiques générales
  • Ce quiz a été pris 297 fois
  • Le résultat moyen est 6 sur 10
Statistiques - réponses
Question Réponse % Correct
La ville traversée par la Tamise
92%
La ville la plus peuplée
71%
La ville la plus proche de Bruxelles
71%
La ville la plus densément peuplée
69%
La ville la plus proche de Riga
59%
La ville avec un drapeau divisé verticalement en deux bandes bleue et rouge avec les armoiries de la ville au milieu
58%
La ville avec le plus de stations de métro
57%
La ville avec l'âge de consentement le plus élevé
54%
La ville avec la plus grande proportion de musulmans
42%
La ville avec le plus de musées
19%
Aucun quiz correspondant
Distribution des résultats
% des personnes avec chaque résultat
Percentile par nombre de réponses
Votre historique - résultats
Vous n’avez pas pris ce quiz